| 000 | 01170naa a22003257a 4500 | ||
|---|---|---|---|
| 001 | BR7905598 | ||
| 003 | BR-BrBNA | ||
| 005 | 20240918174430.0 | ||
| 007 | ta | ||
| 008 | 230509b bl.||||| |||| 00| 0 por d | ||
| 040 |
_aBR-BrBNA _bpor _cBiblioteca Nacional de Agricultura |
||
| 041 | _a(Pt) | ||
| 072 |
_aE70 _b/G514 |
||
| 090 | _aE70 BR7905598 | ||
| 100 | 1 | _aInoue, G.F. | |
| 111 | 1 |
_a11. Congresso Internacional de Mercados Atacadista _cSao Paulo, SP (Brazil) _d18 Feb 1979 |
|
| 245 | 1 | _aO papel dos cooperativistas de produtores em abastecer o "estado de Sao Paulo" [Brasil] | |
| 260 | 3 |
_aSao Paulo, SP (Brasil): _c1979. |
|
| 500 | _a11. Congresso Internacional de Mercados Atacadistas Sao Paulo, SP (Brasil): 1979. p. 184-192 (BR7905598-AM)E70 | ||
| 650 | _aComercializacao | ||
| 650 | _aCooperativa | ||
| 650 | _aCooperativa de produtores | ||
| 650 | _aAbastecimento | ||
| 650 | _aMercado | ||
| 650 | _aDesenvolvimento comercial | ||
| 650 | _aSao Paulo | ||
| 773 | 0 |
_t11. Congresso Internacional de Mercados Atacadistas _wE70 BR7905598 _gSao Paulo, SP (Brasil), 1979. p. 184-192 |
|
| 909 |
_a202404 _bLucia _c55 _dLucia Elande |
||
| 942 |
_cAM _2AGRIS |
||
| 999 |
_c311209 _d311209 |
||